| 000 | 00541nam a2200169Ia 4500 | ||
|---|---|---|---|
| 008 | 210719s2013 xx 000 0 und d | ||
| 041 | _aeng | ||
| 082 | _a658.06 STXN | ||
| 100 | _aST XAVIERS COLLEGE | ||
| 245 | _aNational conference on management strategies and innovation february 9-10 2013 souvenir | ||
| 260 |
_aJaipur _c2013 |
||
| 300 |
_axviii,78 _bPB |
||
| 365 | _cRs | ||
| 650 | _aManagement | ||
| 650 | _aManagement | ||
| 906 | _a2013 ; 9-10 ; and ; conference ; february ; innovation ; management ; National ; on ; strategies | ||
| 999 |
_c215617 _d215617 |
||